[Event "GER-chT U18 Girls"]
[Site "Karlsruhe"]
[Date "2015.05.10"]
[Round "7.3"]
[White "Schaefer, Leonie"]
[Black "Weber, Alexandra"]
[Result "1/2-1/2"]
[WhiteElo "792"]
[BlackElo "843"]
[PlyCount "104"]
[EventDate "2015.05.07"]
[EventType "team-swiss"]
[EventRounds "7"]
[EventCountry "GER"]
[SourceTitle "EXT 2017"]
[Source "ChessBase"]
[SourceDate "2016.10.25"]
[SourceVersion "1"]
[SourceVersionDate "2016.10.25"]
[SourceQuality "1"]
[WhiteTeam "Lingen Franziskus (W)"]
[BlackTeam "Dresden Man Gymn (W)"]
[WhiteTeamCountry "GER"]
[BlackTeamCountry "GER"]

1. c4 e5 2. Nc3 Nc6 3. g3 Bb4 4. e3 d6 5. Nge2 Bg4 6. h3 Bf3 7. Rg1 Nf6 8. Bg2 Bxg2 9. Rxg2 d5 10. cxd5 Nxd5 11. Nxd5 Qxd5 12. Rh2 0-0 13. a3 Ba5 14. b4 Bb6 15. Nc3 Qc4 16. Qe2 Qxe2+ 17. Kxe2 Rfe8 18. Nd5 a5 19. b5 Ne7 20. Nxb6 cxb6 21. a4 Nd5 22. Ba3 Nb4 23. Bxb4 axb4 24. Rhh1 Rec8 25. d3 Rc2+ 26. Kf3 Rc3 27. Rhc1 Rxc1 28. Rxc1 h6 29. Ra1 Kf8 30. Kg2 Ke7 31. f4 Ke6 32. fxe5 Kxe5 33. d4+ Kd5 34. Kf3 f5 35. g4 fxg4+ 36. hxg4 g5 37. e4+ Kxd4 38. Rd1+ Ke5 39. Ra1 Ke6 40. Ke3 Ke5 41. Kd3 Kf4 42. Rg1 Rd8+ 43. Kc4 Kxe4 44. Kxb4 Rd4+ 45. Kb3 Kf3 46. Ka3 Rxg4 47. Rf1+ Kg2 48. Rd1 Rg3+ 49. Kb4 Rg4+ 50. Ka3 Rg3+ 51. Kb4 Rg4+ 52. Ka3 Rg3+ 1/2-1/2